Pagos mensuales del IVA

Bibliographic Details
Main Author: Domn̕guez Orozco, Jaime
Format: eBook
Language:Spanish
Published: Ciudad de Mx̌ico: Ediciones Fiscales ISEF, 2020
Subjects:
Online Access:Acceso restringido

MARC

LEADER 00000nam a22000007a 4500
005 20200604225919.0
007 cr|||| |||
008 200604s2020 mx |||||s|||| 00||0 spa d
020 |a 978-607-541-201-6 
035 |a 31656 
040 |a vLex 
090 |c 10537  |d 10537 
100 1 |a Domn̕guez Orozco, Jaime 
245 1 0 |a Pagos mensuales del IVA  |h [Recurso electrn̤ico] /  |c Jaime Domn̕guez Orozco 
256 |a Servicio en ln̕ea 
260 |a Ciudad de Mx̌ico:  |b Ediciones Fiscales ISEF,  |c 2020 
300 |a 1 recurso electrn̤ico 
506 1 |a Disponible solo en los productos indicados  |d vLex Global  |d vLex Global (Academic Edition, excluding Law Schools)  |d vLex Global (U.S. Academic Edition, Law Schools)  |d vLex Global (U.S. Academic Edition, excluding Law Schools)  |d vLex Global (Academic Edition, Law Schools) 
650 0 4 |a Derecho Tributario  |z Mx̌ico 
740 0 |a vLex Libros (Servicio en ln̕ea) 
856 4 0 |u http://vlex.com/source/pagos-mensuales-iva-31656  |z Acceso restringido 
942 |c BOOK 
999 0 |a Tax Law